000 00518cam a2200181 a 4500
001 3030459
005 20240208001018.0
008 950309s1994 ii ab b 000 0 eng
020 _a8171020011 :
040 _aDLC
_cDLC
_dDLC
082 0 0 _a306.6
_220
_bSUB.
100 1 _aMukhopadhyay, Subrata Kumar.
245 1 0 _aCult of Goddess Sitala in Bengal :
_ban enquiry into folk culture /
_cSubrata Kumar Mukhopadhyay.
260 _aCalcutta :
_bFirma KLM,
_c1994.
300 _ax, 138 p. :
650 0 _aFolklore
942 _cL
999 _c323
_d323